000 00589nam a2200157Ia 4500
020 _a9712201171
040 _cZWI
082 _a633 INT 1998 A051 Or.
245 0 0 _aRainfed lowland rice :
_badvances in nutrient management research /
260 _aLos Banos, Philippines :
_bInternational Rice Research Institute,
_c1998
300 _avi, 304 p. :
_bill. ;
_c23 cm
500 _aPapers presented at a symposium, "International Workshop on Nutrient Research in Rainfed Lowlands,12-15 October 1998 in Ubon" -- p. v
650 0 _aRainfed lowland rice
700 1 _aLadha, J. K.
942 _cEK
999 _c14693
_d14693